<?xml version="1.0" encoding="UTF-8"?>
<collection xmlns="http://www.loc.gov/MARC21/slim">
 <record>
  <leader>00863nam a22001935a 4500</leader>
  <controlfield tag="001">MAT.inmabb006735</controlfield>
  <controlfield tag="008">120905s1985####ag#######b####101#0#spa#d</controlfield>
  <controlfield tag="005">20170519122130.0</controlfield>
  <datafield tag="245" ind1="1" ind2="0">
   <subfield code="a">Métodos de programación /</subfield>
   <subfield code="c">Juan Carlos Anselmi.</subfield>
  </datafield>
  <datafield tag="260" ind1=" " ind2=" ">
   <subfield code="a">[Buenos Aires :</subfield>
   <subfield code="b">Centro Latinoamericano de Matemática e Informática,</subfield>
   <subfield code="c">1985?].</subfield>
  </datafield>
  <datafield tag="300" ind1=" " ind2=" ">
   <subfield code="a">107 p. ;</subfield>
   <subfield code="c">22 cm.</subfield>
  </datafield>
  <datafield tag="490" ind1="1" ind2=" ">
   <subfield code="a">[Publicaciones] / Centro Latinoamericano de Matemática e Informática ;</subfield>
   <subfield code="v">14</subfield>
  </datafield>
  <datafield tag="500" ind1=" " ind2=" ">
   <subfield code="a">&quot;Segundo curso superior regional de perfeccionamiento informático&quot;--Cubierta.</subfield>
  </datafield>
  <datafield tag="504" ind1=" " ind2=" ">
   <subfield code="a">Incluye referencias bibliográficas (p. 107).</subfield>
  </datafield>
  <datafield tag="100" ind1="1" ind2=" ">
   <subfield code="a">Anselmi, Juan Carlos.</subfield>
  </datafield>
  <datafield tag="710" ind1="2" ind2=" ">
   <subfield code="a">Centro Latinoamericano de Matemática e Informática.</subfield>
  </datafield>
  <datafield tag="830" ind1=" " ind2="0">
   <subfield code="a">Publicaciones (Centro Latinoamericano de Matemática e Informática) ;</subfield>
   <subfield code="v">14</subfield>
  </datafield>
  <datafield tag="084" ind1=" " ind2=" ">
   <subfield code="a">68Nxx</subfield>
   <subfield code="2">msc2000</subfield>
  </datafield>
  <datafield tag="859" ind1=" " ind2=" ">
   <subfield code="h">68</subfield>
   <subfield code="i">An618</subfield>
   <subfield code="p">A-5738</subfield>
   <subfield code="b">BIB. MATEMATICA</subfield>
  </datafield>
 </record>
</collection>
